Az úgynevezett jobbról csatolt kötőszók
Elmentve itt :
| Szerző: | |
|---|---|
| Testületi szerző: | |
| Dokumentumtípus: | Könyv része |
| Megjelent: |
2013
|
| Sorozat: | LingDok : nyelvész-doktoranduszok dolgozatai
LingDok 12. |
| Kulcsszavak: | Nyelvészet |
| Tárgyszavak: | |
| Online Access: | http://acta.bibl.u-szeged.hu/62979 |
| LEADER | 00798naa a2200229 i 4500 | ||
|---|---|---|---|
| 001 | acta62979 | ||
| 005 | 20220110085344.0 | ||
| 008 | 191129s2013 hu o 0|| hun d | ||
| 022 | |a 2416-0601 | ||
| 040 | |a SZTE Egyetemi Kiadványok Repozitórium |b hun | ||
| 041 | |a hun | ||
| 100 | 1 | |a Bodányi Ákos | |
| 245 | 1 | 3 | |a Az úgynevezett jobbról csatolt kötőszók |h [elektronikus dokumentum] / |c Bodányi Ákos |
| 260 | |c 2013 | ||
| 300 | |a 35-49 | ||
| 490 | 0 | |a LingDok : nyelvész-doktoranduszok dolgozatai | |
| 490 | 0 | |a LingDok 12. | |
| 650 | 4 | |a Bölcsészettudományok | |
| 650 | 4 | |a Nyelvek és irodalom | |
| 695 | |a Nyelvészet | ||
| 710 | |a Országos Nyelvészeti Doktorandusz Konferencia (15.) (2011) (Szeged) | ||
| 856 | 4 | 0 | |u http://acta.bibl.u-szeged.hu/62979/1/lingdok_012_035-049.pdf |z Dokumentum-elérés |